000 00861nam a2200205Ia 4500
001 17572
003 GE_BSU
008 181216s||||||||xx |||||||||||||| ||und||
040 _cGE_BSU
080 _a624.04(035.5)
245 _aСправочник проектировщика промышленных, жилых и общественных зданий и сооружений: расчетно-теоретический. Кн.2.
245 _cПод ред. А.А.Уманского.
250 _aИзд. второе, перераб. и дополненное.
260 _aМ.
260 _bСройиздат.
260 _c1972.
300 _a416 стр. 27 см.
653 _aСправочник проектировщика промышленных, жилых и общественных зданий и сооружений.
942 _cBK
999 _c50622
_d50622